Роль информационных технологий в организации бухгалтерского учета налоговых платежей во Вьетнаме; Информационные технологии в науке, управлении, социальной сфере и медицине; Ч. 2

Podrobná bibliografie
Parent link:Информационные технологии в науке, управлении, социальной сфере и медицине: сборник научных трудов III Международной научной конференции, 23-26 мая 2016 г., Томск.— , 2016
Ч. 2.— 2016.— [С. 494-498]
Hlavní autor: Фам Тхи То Уиен
Korporativní autor: Национальный исследовательский Томский политехнический университет (ТПУ)
Shrnutí:Заглавие с титульного экрана
The article presents a research about role of information technology in the accounting for tax payments in Vietnam. As a result of the reform process in the tax sphere registration for tax payments became easier, faster and better, time for administrative procedures in taxation is reduced. In other words, in 2015 the reforms were fully and completely effective.The result of reforms in the sphere of taxation helps Vietnam to catch up with the countries in the region. In 2016 Vietnamese government continues to implement reforms in tax and customs spheres to provide domestic enterprises the best conditions for the development and expansion of economic activity and to attract foreign investment in Vietnam´s economy in the context of global integration.
Jazyk:ruština
Vydáno: 2016
Edice:Информационные технологии и моделирование в маркетинге
Témata:
On-line přístup:http://earchive.tpu.ru/handle/11683/31517
Médium: MixedMaterials Elektronický zdroj Kapitola
KOHA link:https://koha.lib.tpu.ru/cgi-bin/koha/opac-detail.pl?biblionumber=619784

MARC

LEADER 00000naa2a2200000 4500
001 619784
005 20231101133058.0
035 |a (RuTPU)RU\TPU\conf\18220 
035 |a RU\TPU\conf\18219 
090 |a 619784 
100 |a 20160831d2016 k y0rusy50 ca 
101 0 |a rus 
102 |a RU 
105 |a y z 101zy 
135 |a drgn ---uucaa 
181 0 |a i  
182 0 |a b 
200 1 |a Роль информационных технологий в организации бухгалтерского учета налоговых платежей во Вьетнаме  |d Role of information technology in the accounting for tax payments in Vietnam  |f Фам Тхи То Уиен 
203 |a Текст  |c электронный 
225 1 |a Информационные технологии и моделирование в маркетинге 
230 |a 1 компьютерный файл (pdf; 411 Kb) 
300 |a Заглавие с титульного экрана 
320 |a [Библиогр.: с. 497-498 (10 назв.)] 
330 |a The article presents a research about role of information technology in the accounting for tax payments in Vietnam. As a result of the reform process in the tax sphere registration for tax payments became easier, faster and better, time for administrative procedures in taxation is reduced. In other words, in 2015 the reforms were fully and completely effective.The result of reforms in the sphere of taxation helps Vietnam to catch up with the countries in the region. In 2016 Vietnamese government continues to implement reforms in tax and customs spheres to provide domestic enterprises the best conditions for the development and expansion of economic activity and to attract foreign investment in Vietnam´s economy in the context of global integration. 
461 1 |0 (RuTPU)RU\TPU\conf\17281  |t Информационные технологии в науке, управлении, социальной сфере и медицине  |o сборник научных трудов III Международной научной конференции, 23-26 мая 2016 г., Томск  |o в 2 ч.  |d 2016 
463 1 |0 (RuTPU)RU\TPU\conf\17287  |t Ч. 2  |f Национальный исследовательский Томский политехнический университет (ТПУ) ; под ред. О. Г. Берестневой [и др.]  |v [С. 494-498]  |d 2016 
510 1 |a Role of information technology in the accounting for tax payments in Vietnam  |z eng 
610 1 |a труды учёных ТПУ 
610 1 |a электронные ресурсы 
610 1 |a информационные технологии 
610 1 |a бухгалтерский учет 
610 1 |a налоговый учет 
610 1 |a Вьетнам 
610 1 |a налогообложение 
700 0 |a Фам Тхи То Уиен 
712 0 2 |a Национальный исследовательский Томский политехнический университет (ТПУ)  |c (2009- )  |2 stltpush  |3 (RuTPU)RU\TPU\col\15902 
801 2 |a RU  |b 63413507  |c 20160912  |g RCR 
856 4 |u http://earchive.tpu.ru/handle/11683/31517 
942 |c BK